Online
Catalog

Mi tío, Miguel Enríquez / (Record no. 2693)

MARC details
000 -CABECERA
campo de control de longitud fija 00820cam a2200229 a 4500
001 - NÚMERO DE CONTROL
campo de control 000002859
005 - FECHA Y HORA DE LA ÚLTIMA TRANSACCIÓN
campo de control 20200929150255.0
008 - DATOS DE LONGITUD FIJA--INFORMACIÓN GENERAL
campo de control de longitud fija 961119s1997 pr 001 0aspa
020 ## - NÚMERO INTERNACIONAL ESTÁNDAR DEL LIBRO
Número Internacional Estándar del Libro 0865814961
040 ## - FUENTE DE LA CATALOGACIÓN
Centro catalogador/agencia de origen DO-SdBNP
Lengua de catalogación spa
Centro/agencia transcriptor BNPHU
082 ## - NÚMERO DE LA CLASIFICACIÓN DECIMAL DEWEY
Número de clasificación PR860.44
Número de documento/Ítem L864m
100 1# - ENTRADA PRINCIPAL--NOMBRE DE PERSONA
Nombre de persona López Cantos, Ángel,
Numeración 1935-
9 (RLIN) 9072
245 10 - MENCIÓN DE TÍTULO
Título Mi tío, Miguel Enríquez /
Mención de responsabilidad, etc. Ángel López Cantos ; Editor, Pepe Carvajal.
260 ## - PUBLICACIÓN, DISTRIBUCIÓN, ETC.
Lugar de publicación, distribución, etc. San Juan, P.R. :
Nombre del editor, distribuidor, etc. Instituto de Cultura Puertorriqueña,
Fecha de publicación, distribución, etc. 1997.
300 ## - DESCRIPCIÓN FÍSICA
Extensión 311 p. ;
Dimensiones 21 cm.
650 #4 - PUNTO DE ACCESO ADICIONAL DE MATERIA--TÉRMINO DE MATERIA
Término de materia o nombre geográfico como elemento de entrada Literatura puertoriqueña
9 (RLIN) 6540
651 #4 - PUNTO DE ACCESO ADICIONAL DE MATERIA--NOMBRE GEOGRÁFICO
Nombre geográfico Puerto Rico
Subdivisión general Historia
Subdivisión cronológica 1898
9 (RLIN) 9073
651 #4 - PUNTO DE ACCESO ADICIONAL DE MATERIA--NOMBRE GEOGRÁFICO
Nombre geográfico Puerto Rico
Subdivisión general Vida Social Y Costumbres
9 (RLIN) 9074
650 #4 - PUNTO DE ACCESO ADICIONAL DE MATERIA--TÉRMINO DE MATERIA
Término de materia o nombre geográfico como elemento de entrada Piratas
Subdivisión geográfica Puerto Rico
Subdivisión general Bibliografía
9 (RLIN) 9075
600 10 - PUNTO DE ACCESO ADICIONAL DE MATERIA--NOMBRE DE PERSONA
Nombre de persona ENRÍQUEZ, MIGUEL,
Fechas asociadas al nombre 1681-1749.
9 (RLIN) 9076
700 1# - PUNTO DE ACCESO ADICIONAL--NOMBRE DE PERSONA
Nombre de persona Carvajal, Pepe,
Término indicativo de función/relación ed.
9 (RLIN) 9077
Holdings
Estado de retiro Estado de pérdida Restricciones de uso No para préstamo Código de colección Localización permanente Ubicación/localización actual Ubicación en estantería Fecha de adquisición Número de inventario Total de préstamos Signatura topográfica completa Código de barras Fecha visto por última vez Precio válido a partir de Tipo de ítem Koha
    Préstamo interno   Monografías: Libros y Folletos General General Depósito 04.07.2009 LF1   PR860.44 L864m 2859-10 25.06.2020 25.06.2020 Préstamo interno

Powered by Koha